000 00566nam a2200181Ia 4500
003 GCL
005 20240530103643.0
008 140319s9999 xx 000 0 ara d
040 _aGCL /
_cGCL
082 0 4 _a910.02
_bم م
100 1 _aمحمد سيد غلاب
245 1 0 _aمبادئ الجغرافيا الطبيعية /
_cمحمد سيد غلاب
260 _aالاسكندرية :
_bمؤسسة شباب الجامعة ،
_c1995
650 0 4 _aالجغرافيا الطبيعية
650 0 4 _aالجغرافيا
650 0 4 _aالارض
942 _2ddc
_cBK
999 _c41431
_d41431